Stratégia rozvoja mikroregiónu - príkladová štúdia MR Suchodolie

Plánovanie rozvoja aj tej najmenšej priestorovej jednotky si vyžaduje jasne a podrobne stanovenú stratégiu, ktorej postupné napĺňanie povedie k požadovaným cieľom. Vynikajúcim zdrojom finančnej podpory pre realizáciu aktivít a projektov stanovených v rozvojovej stratégii je EÚ a jej štrukturálne fon...

Ausführliche Beschreibung

Gespeichert in:
Bibliographische Detailangaben
1. Verfasser: Števulová, Katarína
Weitere Verfasser: Tolmáči, Ladislav
Format: Buchkapitel
Sprache:Slowakisch
Schlagworte:
Tags: Tag hinzufügen
Keine Tags, Fügen Sie das erste Tag hinzu!

MARC

LEADER 00000nla a2200000 4500
001 0191581
005 20240417075048.0
041 0 |a slo 
044 |a SK 
245 1 0 |a Stratégia rozvoja mikroregiónu - príkladová štúdia MR Suchodolie  |c Katarína Števulová, Ladislav Tolmáči 
520 |a Plánovanie rozvoja aj tej najmenšej priestorovej jednotky si vyžaduje jasne a podrobne stanovenú stratégiu, ktorej postupné napĺňanie povedie k požadovaným cieľom. Vynikajúcim zdrojom finančnej podpory pre realizáciu aktivít a projektov stanovených v rozvojovej stratégii je EÚ a jej štrukturálne fondy. Malé vidiecke obce s obmedzeným rozpočtom však majú problém so spolufinancovaním rozvojových aktivít a projektov. Možným riešením pre takéto obce je spájať sa so susednými obcami do väčších a silnejších celkov - mikroregionálnych združení, ktorých účelom je vzájomná pomoc a spolupráca pri riešení spoločných problémov. Príkladom je mikroregión Suchodolie), ktorého obce koncom 90. rokov minulého storočia spojili svoje sily a podarilo sa im splynofikovať celé územie mikroregiónu. 
610 2 0 |a politika regionálna 
610 2 0 |a štúdie prípadové 
610 2 0 |a Slovensko 
610 2 0 |a mikroregióny 
100 1 |a Števulová, Katarína 
700 1 |a Tolmáči, Ladislav